00378nam a2200133Ia 4500003000400000008004100004020002600045040000800071100001900079245008600098260003500184300001400219365001100233LDD181029s9999 xx 000 0 und d a9780670999491c595.00 cLDD aGupta, Shekhar 0aIndia empoweredbchange agent speak on an idea whose time has comecShekhar Gupta aNew DelhibPenguin Groupc2006 axx, 379p. b595.00